000 00302nam a22001337a 4500
008 190205b xxu||||| |||| 00| 0 eng d
020 _a9780766800502
041 _aeng
080 _a371
100 _a46
101 _aEDU
245 _aApplying medication math skills
_cObrien,K.C
942 _2udc
_cBK
999 _c54034
_d54034